Semántica y sintaxis en la lingüística transformatoria : comienzos y centro de la polémica /

Gardado en:
Detalles Bibliográficos
Autor Principal: Sánchez de Zavala, Víctor (comp.)
Formato: Libro
Idioma:Lingua castelá
Publicado: Madrid, España : Alianza, 1974, c1974
Series:(Alianza Universidad ; 84)
Temas:
Etiquetas: Engadir etiqueta
Sen Etiquetas, Sexa o primeiro en etiquetar este rexistro!

MARC

LEADER 00000nam^a2200000^a^4500
001 000103602
005 20250521000000.0
009 20260310093352.293
020 |a 84-206-2084-X 
037 |a Acervo ITESO - Biblioteca 
041 |a ESP 
082 |a 412. 3  |b SAN V. 1 
100 |a Sánchez de Zavala, Víctor  |e (comp.) 
245 1 0 |a Semántica y sintaxis en la lingüística transformatoria :  |b comienzos y centro de la polémica /  |c Comp. de V. Sánchez de Zavala ; Noam A. Chomsky... [et al.] ; tr. por Conxita Lleó, V. Sánchez de Zavala. 
264 4 |a Madrid, España :  |b Alianza,  |c 1974, c1974 
300 |a 532 p. 
336 |a texto  |b txt  |2 rdacontenido 
337 |a sin mediación  |b n  |2 rdamedio 
338 |a volumen  |b nc  |2 rdasoporte 
440 1 |a (Alianza Universidad ;  |v 84) 
649 |a XX 
650 |a Semántica Generativa y Transformativa 
650 |a Sintaxis Generativa y Transformativa 
650 |a Semiótica Generativa y Transformativa 
650 |a Lingüística Generativa y Transformativa 
910 |a Fondo Armando Suárez Gómez 
920 |a Impresos - Libros 
930 |a Fondos Especiales 
905 |a 111 
901 |a 0800000066  |b IT2  |c ESP  |u 20250521 
902 |a https://opac.biblio.iteso.mx/vufind/Record/000103602